Piłkarskie Speeling Bee - Statystyki

Ogólne statystyki
  • Ten quiz został rozwiązany 110 razy
    104 od ostatniego zresetowania
  • Średni wynik to 4 z 10
Statystyki odpowiedzi
Wymowa Piłkarz % Poprawnych
Żoao Mołtinio Joao Moutinho
97%
Sindzi Kagała Shinji Kagawa
60%
Riki Pudż Riqui Puig
44%
Taras Stiepanienka Taras Stepanenko
40%
Janik Westego Jannik Vestergaard
38%
Stiwen Nejsmyf Steven Naismith
35%
Ralf Fieman Ralf Fahrman
30%
Mahwyn Plaenhard Marvin Plattenhardt
26%
Runa Almening Jarsztajn Rune Almenning Jarstein
14%
Dżefri Hałeliuł Jeffrey Gouweleeuw
2%
Nie znaleziono quizów pasujących do podanych kryteriów
Rozkład punktacji
Procent ludzi z każdym wynikiem
Percentyl według liczby udzielonych odpowiedzi
Twoja historia wyników
Nie rozwiązałeś tego quizu od ostatniego zresetowania